|
|
|
|
| LEADER |
00000nam0a2200000 4500 |
| 001 |
157005 |
| 005 |
20231101221934.0 |
| 035 |
|
|
|a (RuTPU)RU\TPU\book\170264
|
| 090 |
|
|
|a 157005
|
| 100 |
|
|
|a 20090401d1957 km y0rusy50 ca
|
| 101 |
0 |
|
|a rus
|
| 102 |
|
|
|a RU
|
| 105 |
|
|
|a a z 001zy
|
| 200 |
1 |
|
|a Алмазы Сибири
|f под ред. А. П. Бурова, В. С. Соболева
|
| 210 |
|
|
|a Москва
|d 1957
|c Госгеолтехиздат
|
| 215 |
|
|
|a 159 с.
|c ил.
|
| 320 |
|
|
|a Библиогр.: с. 157-158.
|
| 606 |
1 |
|
|a Драгоценные камни
|x Месторождения
|2 stltpush
|3 (RuTPU)RU\TPU\subj\10083
|9 37216
|
| 606 |
1 |
|
|a Алмазы
|x Минералогия
|2 stltpush
|3 (RuTPU)RU\TPU\subj\72273
|9 85837
|
| 610 |
1 |
|
|a алмазные месторождения
|
| 610 |
1 |
|
|a Сибирь
|
| 610 |
1 |
|
|a геология
|
| 610 |
1 |
|
|a петрография
|
| 610 |
1 |
|
|a минералогия
|
| 610 |
1 |
|
|a поисковые работы
|
| 610 |
1 |
|
|a геофизические методы
|
| 610 |
1 |
|
|a алмазы
|
| 675 |
|
|
|a 553.8
|v 3
|
| 675 |
|
|
|a 549.21
|v 3
|
| 702 |
|
1 |
|a Буров
|b А. П.
|4 340
|
| 702 |
|
1 |
|a Соболев
|b В. С.
|4 340
|
| 801 |
|
1 |
|a RU
|b 63413507
|c 20090401
|g PSBO
|
| 801 |
|
2 |
|a RU
|b 63413507
|c 20220803
|g PSBO
|
| 942 |
|
|
|c BK
|